|
|
|
|
| LEADER |
00000nam2a2200000 4500 |
| 001 |
273340 |
| 005 |
20231101234624.0 |
| 035 |
|
|
|a (RuTPU)RU\TPU\book\296549
|
| 090 |
|
|
|a 273340
|
| 100 |
|
|
|a 20141024d1987 k y0rusy50 ca
|
| 101 |
0 |
|
|a rus
|
| 102 |
|
|
|a UA
|
| 105 |
|
|
|a a z 001zy
|
| 200 |
0 |
|
|a Вып. 33
|
| 210 |
|
|
|d 1987
|
| 215 |
|
|
|a 97 с.
|c ил.
|
| 320 |
|
|
|a Библиография в конце статей
|
| 461 |
|
1 |
|0 (RuTPU)RU\TPU\book\200052
|t Квантовая электроника
|o республиканский межведомственный сборник научных трудов
|f Академия наук Украинской ССР (АН УССР), Институт полупроводников (ИП); отв. ред. М. П. Лисица
|v Вып. 33
|d 1966-1991
|
| 606 |
1 |
|
|a Квантовая электроника прикладная
|2 stltpush
|3 (RuTPU)RU\TPU\subj\14226
|9 40681
|
| 610 |
1 |
|
|a твердотельные лазеры
|
| 610 |
1 |
|
|a импульсы
|
| 610 |
1 |
|
|a длительность
|
| 610 |
1 |
|
|a пикосекундные импульсы
|
| 610 |
1 |
|
|a фемтосекундные импульсы
|
| 610 |
1 |
|
|a формирование
|
| 610 |
1 |
|
|a методы
|
| 610 |
1 |
|
|a неодимовые лазеры
|
| 610 |
1 |
|
|a моды
|
| 610 |
1 |
|
|a пассивная синхронизация
|
| 610 |
1 |
|
|a макромолекулы
|
| 610 |
1 |
|
|a светоиндуцированная конформационная перестройка
|
| 610 |
1 |
|
|a гистерезисные явления
|
| 610 |
1 |
|
|a свет
|
| 610 |
1 |
|
|a дифракция
|
| 610 |
1 |
|
|a щелочно-галоидные кристаллы
|
| 610 |
1 |
|
|a насыщенное оптическое поглощение
|
| 675 |
|
|
|a 621.375.8
|v 4
|
| 801 |
|
1 |
|a RU
|b 63413507
|c 20141024
|
| 801 |
|
2 |
|a RU
|b 63413507
|c 20200828
|g RCR
|
| 942 |
|
|
|c BK
|